Statistics for Wizards of once

Click here to take the quiz!

General Stats

  • This quiz has been taken 18 times
  • The average score is 12 of 15

Answer Stats

QuestionAnswer% Correct
who is the assistant bodyguard to Wish?Bodkin
100%
What is the third book?Knock Three Times
100%
What is Wish's first enchanted object?Spoon
100%
Who is Wish's mother?Sychorax
100%
Who defeats the Kingwitch?Wish
100%
Where does Xar come from?Wizard tribe
100%
Who is the youngest son of Encanzo the Enchanter?Xar
100%
Who is Encanzo the Enchanter's first son?Looter
75%
Who is one Xar's Sprites?Squeezjoos
75%
How old is Bodkin?Thirteen
75%
What was Encanzo the Enchanter's original name?Tor
75%
what year did The Wizards of Once come out?2017
50%
what kind of giant is Crusher?Dreamy Longstepper High Walker Giant
50%
what is Crusher's full name?Problem-Crusher
50%
Who is one of Wish's step sisters?All of the above
25%

Score Distribution

Percentile by Number Answered

Percent of People with Each Score

Your Score History

You have not taken this quiz